000 00447nam a2200181Ia 4500
001 3806
005 20260306145710.0
008 260306t2010||||xx |||||||||||||| ||spa||
041 _aESP
082 _a303.4833
_bF49
100 _aFigueiras, Aníbal R.
_eAUT
245 0 _aLa sociedad de la información y el conocimiento
260 _c2010
300 _a247 páginas :
_c25 cm.
650 _aGEN
654 _aCHU
942 _cLIB
_dJUS
_fJUS
_2ddc
_n
999 _c3806
_d3806